000 00542nam a2200229Ia 4500
003 OSt
005 20220918231410.0
006 a|||||r|||| 00| 0
007 ta
008 220917b |||||||| |||| 00| 0 eng d
024 _a279,576
037 _cTextual
040 _aARTS
_cARTS
_beng
041 _2eng
_aeng
082 _aV465, M5
245 0 _aInalienable rights of the palestinina people
260 _c1985
300 _a344p.
_ccm.
650 _aHISTORY
942 _hV465, M5
_cTEXL
_2CC
999 _c290898
_d290898